Safety - Cities - Crime prevention

Bibliographic Details
Main Author: Molnr̀, Istvǹ Jenő
Format: eBook
Language:English
Published: Londres: Lambert Academic Publishing, 2019
Subjects:
Online Access:Acceso restringido

MARC

LEADER 00000nam a22000007a 4500
005 20191010223549.0
007 cr|||| ||||
008 191010s2019 uk |||||s|||| 00||0 eng d
020 |a 9786200091390 
035 |a 30117 
040 |a vLex 
090 |c 9776  |d 9776 
100 1 |a Molnr̀, Istvǹ Jenő 
245 1 0 |a Safety - Cities - Crime prevention  |h [Recurso electrn̤ico] /  |c Istvǹ Jenő Molnr̀ 
256 |a Servicio en ln̕ea 
260 |a Londres:  |b Lambert Academic Publishing,  |c 2019 
300 |a 1 recurso electrn̤ico 
500 |a It has long been known as a criminological fact that crime is an urban phenomenon. According to every forecasts our cities are getting bigger and bigger, the population of urban areas is constantly increasing. It means: we need to focus on cities, when we plan the interventions of crime prevention. For several decades the prophylaxis has focused on techniques of social prevention, which were aimed to change the behaviour and attitude of people. We have forgotten the physical environment, which is surrounding us. But crime can always be interpreted in relation to a specific area, to a living space, so the built environment of the urban spaces has an emphasized importance in dealing with crime. Because of the above, CPTED (crime prevention through environmental design) is going to be appreciated, which has changed in the last 20 years. CPTED is not only situational crime prevention method any more, but it is social too, because we change not only the environment, but we also try to change the behaviour and attitude of people. Of course, if we want to be successful, we have to measure the secure of an area. The question is: how can we do that? This book tries to give an answer... 
506 1 |a Disponible solo en los productos indicados  |d vLex Global  |d vLex Global (Academic Edition, excluding Law Schools)  |d vLex Global (U.S. Academic Edition, Law Schools)  |d vLex Global (U.S. Academic Edition, excluding Law Schools)  |d vLex Global (Academic Edition, Law Schools) 
650 0 4 |a Derecho Penal  |z Inglaterra 
740 0 |a vLex Libros (Servicio en ln̕ea) 
856 4 0 |u http://vlex.com/source/30117  |z Acceso restringido 
942 |c BOOK 
999 0 |a Criminal law